Qui est-ce ? France #1 - Statistiques

Statistiques générales
  • Ce quiz a été pris 264 fois
  • Le résultat moyen est 10 sur 15
Statistiques - réponses
Par images Réponse % Correct
Zinedine Zidane
97%
Jamel Debbouze
94%
Charles Aznavour
91%
Victor Hugo
86%
Simone Veil
84%
Grand Corps Malade
77%
Bernadette Chirac
76%
Teddy Riner
69%
Abbé Pierre
63%
Charles de Gaulle
63%
Jacques Brel
62%
Mister V
61%
Simone de Beauvoir
37%
Robert Badinter
25%
Volaire
3%
Aucun quiz correspondant
Distribution des résultats
% des personnes avec chaque résultat
Percentile par nombre de réponses
Votre historique - résultats
Vous n’avez pas pris ce quiz